• 首页
  • 本馆介绍
  • 公告通知
  • 最新文献
  • 馆藏检索
  • 电子资源
  • 读者导购
  • 参考咨询
  • 我的图书馆
  • 登录
  • 详细信息显示
  • 放入我的书架
  • 预约/预借图书
  • 作者相关作品
  • 分类相关作品
  • 丛书相关作品
  • 出版社相关作品

书目信息

  • 表格格式
  • 工作单格式
  • 卡片格式
题名:
三指禅
    
 
作者: 周学霆 著 ;蒋力生 , 叶明花 校注
分册:  
出版信息: 北京   中国盲文出版社  2013.11
页数: 134页
开本: 26cm
丛书名: 中医经典必读丛书
单 册:
中图分类: R241.1
科图分类:
主题词: 脉学--中国--清代 , 脉学
电子资源:
ISBN: 978-7-5002-4540-7
000 01103oam2 2200301 450
001 0102100416
005 20210402100820.0
010    @a978-7-5002-4540-7@dCNY17.00
100    @a20140429e20172013em y0chiy50 ea
101 0  @achi
102    @aCN@b110000
105    @ay z 000yy
106    @ar
200 1  @a三指禅@Asan zhi chan@f(清)周学霆著@g蒋力生,叶明花校注
210    @a北京@c中国盲文出版社@d2013.11@h2017.03
215    @a134页@d26cm
225 2  @a中医经典必读丛书
300    @a国家彩票公益金资助大字版
330    @a本书分三卷,论脉以缓脉为准,并以浮、沉、迟、数为四大纲,共列27脉,用对比的方法分析各种脉象的不同之处;亦主要论述了内科疾病及外感杂证的脉诊情况,并结合病因、病理及其疾病的变化转归,进行分析阐发,从而确立治法方药,颇切临床实用,最为医家所推崇。
461  0 @12001 @a中医经典必读丛书
606 0  @a脉学@y中国@z清代
606 0  @a脉学
690    @aR241.1@v5
701  0 @c(清)@a周学霆@Azhou xue ting@f(1771-1834)@4著
702  0 @a蒋力生@Ajiang li sheng@4校注
702  0 @a叶明花@Aye ming hua@4校注
801  0 @aCN@bBJSZM@c20210402
905    @b1275273-6@dR241.1@e549@f4
    
    三指禅/(清)周学霆著/蒋力生,叶明花校注.-北京:中国盲文出版社,2013.11(2017.03)
    134页;26cm.-(中医经典必读丛书)
    国家彩票公益金资助大字版
    
    ISBN 978-7-5002-4540-7:CNY17.00
    本书分三卷,论脉以缓脉为准,并以浮、沉、迟、数为四大纲,共列27脉,用对比的方法分析各种脉象的不同之处;亦主要论述了内科疾病及外感杂证的脉诊情况,并结合病因、病理及其疾病的变化转归,进行分析阐发,从而确立治法方药,颇切临床实用,最为医家所推崇。
●
相关链接 在E读中查询图书 在五车中查询图书 在当当中查询图书 在豆瓣中查询图书


正题名:三指禅     索取号:R241.1/549         预约/预借

序号 登录号 条形码 馆藏地/架位号 状态 备注
1 1275273   212752733   第二样本阅览室/ [索取号:R241.1/549] 在馆    
2 1275274   212752742   教育系资料室/ [索取号:R241.1/549] 在馆    
3 1275275   212752751   教育系资料室/ [索取号:R241.1/549] 在馆    
4 1275276   212752760   第三借阅区/ [索取号:R241.1/549] 在馆    
唐山师范学院图书馆 欢迎您!
大连网信软件有限公司© 版权所有